Basic advanced and design
Сохранить в:
| Главный автор: | |
|---|---|
| Формат: | |
| Язык: | английский |
| Опубликовано: |
Ishwar Books
2020
|
| Метки: |
Добавить метку
Нет меток, Требуется 1-ая метка записи!
|
MARC
| LEADER | 00000nam a22000007a 4500 | ||
|---|---|---|---|
| 008 | 230110b |||||||| |||| 00| 0 eng d | ||
| 020 | |a 978038677708 | ||
| 100 | |a MISHRA, Sneh Lata | ||
| 245 | |a Basic advanced and design |c Sneh Lata Mishra |g vi,288p;ill | ||
| 260 | |b Ishwar Books |c 2020 |h New Delhi |i 696982 |i 696983 |l TH19.M68 |m Building |m Buildings - Design and constitution |m Engineering, Architectural | ||
| 500 | |a it includes references and index | ||
| 942 | |a lcc |c BK |e Johnson |f 10/01/23 | ||
| 952 | |0 0 |1 0 |2 lcc |4 0 |6 TH0019 M68 |7 0 |9 4123 |a EDM |b HOL |c QZ |d 2023-01-10 |l 0 |o TH19.M68 |p 2023-0054 |r 2023-01-10 00:00:00 |t 696982 |w 2023-01-10 |y BK | ||
| 952 | |0 0 |1 0 |2 lcc |4 0 |6 TH0019 M68 |7 0 |9 4124 |a HOL |b HOL |c QZ |d 2023-01-10 |l 0 |o TH19.M68 |p 2023-0055 |r 2023-01-10 00:00:00 |t 696983 |w 2023-01-10 |y BK | ||
| 999 | |c 2067 |d 2067 | ||